000 00392nam a2200121 4500
999 _c10500
_d10500
008 180903b ||||| |||| 00| 0 eng d
100 _930817
_aEchaluce, Charina Clarisse L.
245 _aDOH issues warning on undetected hypertension/
_cCharina Clarisse L. Echaluce
260 _aPhilippines
_bManila Bulletin
_cc2017
300 _apage 4.
650 0 _930818
_aHypertension.
942 _2ddc
_cPER